Seoul Metropolitan Subway Suin-Bundang Line Stations - Statistics

General Stats
  • This quiz has been taken 20 times
    18 since last reset
  • The average score is 41 of 63
Answer Stats
Line Station
Number
Station Name Transfer % Correct
BundangLine K217 Dogok Line 3
86%
SuinLine K272 Incheon Line 1
86%
BundangLine K221 Suseo Line 3GTX-A
86%
SuinLine K245 Suwon Line 1
86%
GyeongwonLine K210 Wangsimni Line 2Line 5 Gyeongui-Jungang Line
86%
GyeongwonLine K209 Cheongnyangni Line 1Gyeongui-Jungang Line Gyeongchun Line
79%
BundangLine K233 Jukjeon
79%
BundangLine K231 Migeum Shinbundang Line (DX Line)
79%
SuinLine K258 Oido Line 4
79%
BundangLine K215 Seolleung Line 2
79%
BundangLine K211 Seoul Forest
79%
SuinLine K255 Ansan Line 4
71%
BundangLine K212 Apgujeongrodeo
71%
BundangLine K222 Bokjeong Line 8
71%
BundangLine K219 Gaepo-dong
71%
BundangLine K237 Giheung Yongin Everline
71%
BundangLine K235 Guseong GTX-A
71%
BundangLine K216 Hanti
71%
BundangLine K230 Jeongja Shinbundang Line (DX Line)
71%
BundangLine K225 Moran Line 8
71%
BundangLine K232 Ori
71%
BundangLine K228 Seohyeon
71%
BundangLine K214 Seonjeongneung Line 9
71%
BundangLine K243 Suwon City Hall
71%
BundangLine K234 Bojeong
64%
BundangLine K239 Cheongmyeong
64%
BundangLine K220 Daemosan
64%
BundangLine K223 Gachon Univ.
64%
BundangLine K213 Gangnam-gu Office Line 7
64%
BundangLine K218 Guryong
64%
BundangLine K227 Imae Gyeonggang Line
64%
BundangLine K244 Maegyo
64%
BundangLine K242 Maetan Gwonseon
64%
SuinLine K261 Soraepogu
64%
BundangLine K224 Taepyeong
64%
BundangLine K226 Yatap
64%
SuinLine K248 Eocheon
57%
SuinLine K246 Gosaek
57%
SuinLine K251 Hanyang Univ. at Ansan Line 4
57%
SuinLine K263 Hogupo
57%
SuinLine K262 Incheon Nonhyeon
57%
SuinLine K269 Inha Univ.
57%
SuinLine K257 Jeongwang Line 4
57%
SuinLine K252 Jungang Line 4
57%
SuinLine K264 Namdong Induspark
57%
SuinLine K247 Omokcheon
57%
SuinLine K250 Sari
57%
BundangLine K236 Singal
57%
SuinLine K271 Sinpo
57%
SuinLine K267 Songdo
57%
BundangLine K229 Sunae
57%
SuinLine K270 Sungui
57%
SuinLine K260 Wolgot
57%
SuinLine K265 Woninjae Incheon Metro Line 1
57%
SuinLine K249 Yamok
57%
BundangLine K240 Yeongtong
57%
SuinLine K266 Yeonsu
57%
SuinLine K254 Choji Line 4Seohae Line
50%
SuinLine K259 Darwol
50%
SuinLine K253 Gojan Line 4
50%
BundangLine K241 Mangpo
50%
BundangLine K238 Sanggal
50%
SuinLine K256 Singil oncheon Line 4
43%
No matching quizzes found
Score Distribution
Percent of People with Each Score
Percentile by Number Answered
Your Score History
You have not taken this quiz since the last reset